[Event "Tournoi Skype 029B"]
[Site "Skype"]
[Date "????.??.??"]
[Round "2.21"]
[White "Battaglia, Gabriele"]
[Black "Nakamura, Seiichi"]
[Result "1-0"]
[WhiteElo "1271"]
[BlackElo "1005"]
[PlyCount "105"]

1. Nf3 Nf6 2. g3 d5 3. Bg2 c6 4. O-O g6 5. d3 Bg7 6. Bg5 O-O 7. Qc1 Re8 8. Nbd2
Bf5 9. c4 Nbd7 10. cxd5 Nxd5 11. e4 Bg4 12. exd5 cxd5 13. Rb1 Rc8 14. Qe1 Rc2
15. Qe3 b6 16. Nd4 Rc5 17. N2b3 Rc8 18. Bxd5 Nc5 19. Bg2 Ne6 20. Nxe6 Bxe6 21.
Rfd1 Bxb3 22. axb3 Bd4 23. Qe4 Rc2 24. Rd2 Rxd2 25. Bxd2 f5 26. Qe6+ Kh8 27.
Qd5 Qxd5 28. Bxd5 e6 29. Re1 e5 30. Bc3 Bxc3 31. bxc3 Kg7 32. d4 e4 33. c4 Kf6
34. Re3 h5 35. h4 Re7 36. Kf1 Rc7 37. Ke2 g5 38. hxg5+ Kxg5 39. f3 exf3+ 40.
Rxf3 Re7+ 41. Re3 Rxe3+ 42. Kxe3 Kg4 43. Be6 Kxg3 44. Bxf5 h4 45. d5 h3 46.
Bxh3 Kxh3 47. d6 a5 48. d7 b5 49. d8=Q a4 50. Qd7+ Kg2 51. Qd5+ Kg1 52. Qg5+
Kh2 53. Kf2 1-0

[Event "Tournoi Skype 029B"]
[Site "Skype"]
[Date "????.??.??"]
[Round "2.22"]
[White "Moumtaz, Abderrahim"]
[Black "Barrera Mendoza, Carlos"]
[Result "0-1"]
[WhiteElo "1260"]
[BlackElo "1000"]
[PlyCount "60"]

1. d4 Nf6 2. c4 g6 3. Nc3 Bg7 4. e4 d6 5. Nf3 O-O 6. Bg5 Nc6 7. Be2 e5 8. d5
Ne7 9. O-O h6 10. Be3 Nh5 11. Qd2 Kh7 12. Nxe5 Bxe5 13. Bxh5 gxh5 14. Bxh6 Rg8
15. Ne2 Bh3 16. Ng3 Bxg2 17. Kxg2 h4 18. Rh1 Rg6 19. Be3 f5 20. Kf1 hxg3 21.
hxg3+ Kg7 22. Bh6+ Kf7 23. Bg5 Qd7 24. Rh7+ Rg7 25. Rxg7+ Bxg7 26. exf5 Qxf5
27. Qf4 Qxf4 28. Bxf4 Rh8 29. Kg2 b6 30. b4 Bxa1 0-1

[Event "Tournoi Skype 029B"]
[Site "Skype"]
[Date "????.??.??"]
[Round "2.23"]
[White "Elvira Sanchez, Adalberto"]
[Black "Abdulrazzaq, Mohsen"]
[Result "0-1"]
[WhiteElo "1000"]
[BlackElo "1249"]
[PlyCount "76"]

1. c4 Nf6 2. Nc3 g6 3. g3 Bg7 4. Bg2 c6 5. e4 e5 6. Nf3 d6 7. d4 Nbd7 8. d5
cxd5 9. cxd5 Nc5 10. O-O O-O 11. b4 Ncxe4 12. Nxe4 Nxe4 13. Qd3 Nxf2 14. Rxf2
e4 15. Qxe4 Bxa1 16. Qe1 Bg4 17. Be3 Bg7 18. h3 Bd7 19. Qd2 Rc8 20. Nd4 Re8 21.
a4 Rc4 22. Bf1 Rxe3 23. Bxc4 Rxg3+ 24. Kh2 Qh4 25. Bf1 Bxh3 26. Bg2 Bg4+ 27.
Kg1 Bh3 28. Kf1 Bxd4 29. Re2 Bxg2+ 30. Ke1 Rd3+ 31. Rf2 Rxd2 32. Kxd2 Qxf2+ 33.
Kd3 Bxd5 34. a5 Qe3+ 35. Kc2 Qc3+ 36. Kd1 Be3 37. Ke2 Qd2+ 38. Kf1 Bc4# 0-1

[Event "Tournoi Skype 029B"]
[Site "Skype"]
[Date "????.??.??"]
[Round "2.24"]
[White "Fernandez Zaldivar, Antonio"]
[Black "Fernandez Arrizabala, Raul"]
[Result "0-1"]
[WhiteElo "1246"]
[BlackElo "1000"]
[PlyCount "72"]

1. e4 e6 2. d4 d5 3. e5 c5 4. c3 Nf6 5. exf6 Qxf6 6. Qf3 cxd4 7. Qxf6 gxf6 8.
cxd4 e5 9. dxe5 fxe5 10. g3 Nc6 11. Bg2 Nd4 12. Kd1 e4 13. h3 Bf5 14. Be3 Nc6
15. Nd2 O-O-O 16. Rc1 Kb8 17. Bf4+ Bd6 18. Ne2 Nb4 19. Nd4 Bg6 20. Bxd6+ Rxd6
21. Ke2 Nxa2 22. Ra1 Nb4 23. Nb5 Ra6 24. Rxa6 Nxa6 25. Nc3 Nb4 26. f3 exf3+ 27.
Bxf3 Re8+ 28. Kf2 Nd3+ 29. Kg2 d4 30. Ne2 Rd8 31. Nb3 Ne5 32. Nexd4 Nxf3 33.
Kxf3 f6 34. Ne2 Rd3+ 35. Kf4 Rxb3 36. Rb1 Bxb1 0-1

[Event "Tournoi Skype 029B"]
[Site "Skype"]
[Date "????.??.??"]
[Round "2.25"]
[White "Guevara, Lizbeth"]
[Black "Sanchez Padilla, Armando Edilber"]
[Result "0-1"]
[WhiteElo "1000"]
[BlackElo "1240"]
[PlyCount "82"]

1. e4 e5 2. Bc4 Bc5 3. Nf3 Nc6 4. d3 Nf6 5. O-O O-O 6. c3 a6 7. h3 b5 8. Bb3 a5
9. d4 Bb6 10. Bg5 a4 11. Bxf6 Qxf6 12. Bd5 Bb7 13. dxe5 Qe7 14. Nbd2 Nd8 15.
Qe2 c6 16. c4 cxd5 17. exd5 b4 18. d6 Qe6 19. Rac1 Bc5 20. Ng5 Qg6 21. Ndf3 Re8
22. Rfd1 h6 23. Qc2 Qxc2 24. Rxc2 hxg5 25. Nxg5 Rxe5 26. h4 f6 27. Nf3 Rf5 28.
Re2 Ne6 29. Kh2 Bxf3 30. gxf3 Rxf3 31. Kg2 Rf4 32. f3 Rxh4 33. Rd5 Nf4+ 34. Kg3
Nxd5 35. cxd5 Rd4 36. f4 Bxd6 37. Kf3 Rxf4+ 38. Ke3 Re8+ 39. Kd3 Rf3+ 40. Kd2
Bf4+ 41. Kd1 Rf1+ 0-1

[Event "Tournoi Skype 029B"]
[Site "Skype"]
[Date "????.??.??"]
[Round "2.26"]
[White "Hernandez Monzon, Alejandro"]
[Black "Lachin, Roberto"]
[Result "1/2-1/2"]
[WhiteElo "1239"]
[BlackElo "1000"]
[PlyCount "76"]

1. d4 c6 2. c4 d5 3. e3 Bf5 4. Nc3 e6 5. Nf3 Bb4 6. Bd2 Bxc3 7. Bxc3 Nf6 8.
cxd5 Qxd5 9. g3 Be4 10. Bg2 Nbd7 11. O-O a5 12. h3 Qc4 13. Nd2 Qd5 14. Nxe4
Nxe4 15. Qd3 Ndf6 16. g4 c5 17. b3 h6 18. Rad1 O-O 19. dxc5 Qxd3 20. Rxd3 Nxc5
21. Rd4 Rad8 22. Rf4 e5 23. Bxe5 Ne6 24. Rc4 b5 25. Rc6 Nd5 26. Rd1 Nb4 27.
Rxd8 Rxd8 28. Rb6 Nxa2 29. Rxb5 f6 30. Bb2 Rd1+ 31. Kh2 Kh7 32. Be4+ g6 33.
Rb7+ Kg8 34. Bxf6 Rd2 35. Kg2 Nc5 36. Rg7+ Kf8 37. Bxg6 Rd7 38. Rxd7 Nxd7
1/2-1/2

[Event "Tournoi Skype 029B"]
[Site "Skype"]
[Date "????.??.??"]
[Round "2.28"]
[White "Franca, Diego"]
[Black "Parravano, Luca"]
[Result "1-0"]
[WhiteElo "1234"]
[BlackElo "1000"]
[PlyCount "57"]

1. e4 e5 2. Nf3 Nc6 3. Bc4 h6 4. d4 exd4 5. Nxd4 Nxd4 6. Qxd4 d6 7. O-O Nf6 8.
Re1 Qe7 9. h3 Be6 10. e5 dxe5 11. Rxe5 Rd8 12. Qxa7 Rd1+ 13. Kh2 Rxc1 14. Bxe6
fxe6 15. Qb8+ Kf7 16. Qxb7 Qd6 17. Qb5 Nd7 18. f4 Nxe5 19. fxe5 Qd5 20. Qe2 g5
21. Nc3 Qd4 22. Rxc1 Qf4+ 23. g3 Qxc1 24. Qf3+ Kg6 25. Qf6+ Kh7 26. Qf7+ Bg7
27. Qxe6 Qxc2+ 28. Kg1 Qd1+ 29. Nxd1 1-0

[Event "Tournoi Skype 029B"]
[Site "Skype"]
[Date "????.??.??"]
[Round "2.31"]
[White "Strydom, Brett"]
[Black "Malbec, Robert"]
[Result "1-0"]
[WhiteElo "1000"]
[BlackElo "1214"]
[PlyCount "105"]

1. e4 e5 2. Nf3 Nc6 3. Bc4 Bc5 4. c3 Nf6 5. d3 d6 6. Bb3 a6 7. O-O O-O 8. Re1
Ng4 9. h3 Bxf2+ 10. Kh1 Bxe1 11. Qxe1 Nf6 12. Nbd2 Re8 13. Ng5 h6 14. Bxf7+ Kf8
15. Bxe8 hxg5 16. Bxc6 bxc6 17. Nf3 g4 18. Ng5 Nh5 19. Qf2+ Nf6 20. Nh7+ Kg8
21. Nxf6+ Qxf6 22. Qxf6 gxf6 23. h4 Be6 24. h5 Kh7 25. g3 d5 26. a3 f5 27. exf5
Bxf5 28. d4 exd4 29. cxd4 Re8 30. Bf4 Re4 31. Rc1 Bd7 32. Rd1 Re2 33. b4 Re4
34. a4 Be8 35. a5 Bxh5 36. Bxc7 Be8 37. Be5 Bd7 38. Rf1 Kg8 39. Rf4 Re3 40. Kg2
Rb3 41. Bd6 Re3 42. Rf8+ Kg7 43. Rd8 Be8 44. Ra8 Re6 45. Bc5 Bf7 46. Rxa6 Be8
47. Ra7+ Kg6 48. a6 Re2+ 49. Kf1 Ra2 50. Ra8 Bd7 51. a7 Kf6 52. Rf8+ Kg7 53.
a8=Q 1-0

[Event "Tournoi Skype 029B"]
[Site "Skype"]
[Date "????.??.??"]
[Round "2.32"]
[White "Mishra, Vikash"]
[Black "Prieto, Jairo Ovidio"]
[Result "0-1"]
[WhiteElo "1214"]
[BlackElo "1000"]
[PlyCount "58"]

1. b3 e5 2. Bb2 Nc6 3. c4 d5 4. cxd5 Qxd5 5. Nc3 Qe6 6. Nb5 Bd6 7. e3 a6 8. Nc3
Nf6 9. Bc4 Qf5 10. Nge2 b5 11. Ng3 Qg6 12. Be2 Bg4 13. d4 exd4 14. exd4 O-O 15.
O-O Bxg3 16. fxg3 Rfe8 17. Bxg4 Qxg4 18. a3 Qxd4+ 19. Qxd4 Nxd4 20. b4 Nc2 21.
Rac1 Ne3 22. Rf3 Rad8 23. Re1 Nc4 24. Rxe8+ Rxe8 25. Rf2 Re1+ 26. Rf1 Rxf1+ 27.
Kxf1 Nxb2 28. h3 Nc4 29. a4 c6 0-1

[Event "Tournoi Skype 029B"]
[Site "Skype"]
[Date "????.??.??"]
[Round "2.33"]
[White "Talwalkar, Omkar Sameer"]
[Black "Felippe E Silva, Glenda"]
[Result "0-1"]
[WhiteElo "1000"]
[BlackElo "1207"]
[PlyCount "114"]

1. e4 c6 2. d4 d5 3. exd5 cxd5 4. Nf3 Nf6 5. Nc3 Nc6 6. Bb5 Bd7 7. Bf4 a6 8.
Ba4 e6 9. Ne5 Nxe5 10. dxe5 Bxa4 11. Nxa4 Nd7 12. O-O Qc7 13. Nc3 Nxe5 14. Re1
Bd6 15. Qe2 Nd7 16. Nxd5 Qb8 17. Rad1 Bxf4 18. Nxf4 Qxf4 19. Qd3 Qc7 20. Re4
O-O 21. Rh4 Nf6 22. Re1 Rad8 23. Rc4 Qe7 24. Qc3 b5 25. Rc6 Rd6 26. Rc8 Rfd8
27. Rc1 Ne8 28. Rxd8 Qxd8 29. Qf3 Nf6 30. Re1 Rd2 31. Rc1 Qc7 32. Qa8+ Qd8 33.
Qxd8+ Rxd8 34. g3 Ne4 35. c4 bxc4 36. Rxc4 Nd6 37. Rc6 a5 38. Ra6 Nb7 39. Ra7
Rb8 40. a3 h5 41. b4 axb4 42. axb4 Nd6 43. Ra4 g5 44. h3 Kg7 45. Ra5 Kg6 46. g4
Rxb4 47. f3 hxg4 48. hxg4 Rb2 49. Ra8 Nc4 50. Rg8+ Kf6 51. Kf1 Ne5 52. f4 gxf4
53. g5+ Kf5 54. Rh8 f3 55. Rh5 Ng4 56. Ke1 f2+ 57. Kf1 Ne3# 0-1

[Event "Tournoi Skype 029B"]
[Site "Skype"]
[Date "????.??.??"]
[Round "2.35"]
[White "Torres Moscol, Angel"]
[Black "Garganese, Paolo"]
[Result "1/2-1/2"]
[WhiteElo "1000"]
[BlackElo "1199"]
[PlyCount "76"]

1. d4 Nf6 2. Bf4 e6 3. Nf3 Nd5 4. Bg3 Nf6 5. Nbd2 d5 6. c3 Nbd7 7. e3 c5 8. Qc2
b6 9. Be2 Be7 10. e4 Bb7 11. e5 Ne4 12. Bb5 O-O 13. Bxd7 Qxd7 14. O-O Nxg3 15.
hxg3 cxd4 16. Nxd4 Rac8 17. N2f3 f6 18. Rfe1 f5 19. Ne2 g5 20. Qd2 h6 21. Ned4
Rf7 22. a3 Rcf8 23. Rad1 Kh7 24. Qd3 Rg8 25. g4 Qe8 26. gxf5 exf5 27. Nxf5 Rg6
28. Nxe7 Qxe7 29. Nd4 Bc8 30. e6 Rff6 31. Nc6 Qc5 32. Nd4 Rf8 33. b4 Qc4 34.
Qxc4 dxc4 35. e7 Re8 36. Nc2 Be6 37. Nd4 Rxe7 38. a4 Rd7 1/2-1/2

[Event "Tournoi Skype 029B"]
[Site "Skype"]
[Date "????.??.??"]
[Round "2.36"]
[White "Alarcon Alarcon, Marina"]
[Black "Teixeira De Queiroz, Glaucia"]
[Result "1-0"]
[WhiteElo "1198"]
[BlackElo "1000"]
[PlyCount "61"]

1. e4 g6 2. Nf3 Bg7 3. c3 d6 4. d4 c6 5. Bc4 Nd7 6. Bf4 e5 7. dxe5 dxe5 8. Be3
Ngf6 9. Nbd2 O-O 10. h3 b6 11. O-O Bb7 12. Bb3 Qc7 13. Bc2 c5 14. c4 Rfe8 15.
a3 Nh5 16. Rc1 Rac8 17. a4 a5 18. b3 Ndf6 19. Bg5 Nxe4 20. Nxe4 Bxe4 21. Bxe4
f5 22. Bd5+ Kh8 23. g4 e4 24. gxh5 exf3 25. hxg6 hxg6 26. Qxf3 Rf8 27. h4 Qd6
28. Bf4 Qf6 29. Bg5 Qxg5+ 30. hxg5 Rce8 31. Qh3+ 1-0

[Event "Tournoi Skype 029B"]
[Site "Skype"]
[Date "????.??.??"]
[Round "2.37"]
[White "Yepez, German"]
[Black "Trapletti, Cosetta"]
[Result "1-0"]
[WhiteElo "1191"]
[BlackElo "1000"]
[PlyCount "61"]

1. e4 e5 2. Nf3 Nc6 3. d4 d6 4. dxe5 d5 5. exd5 Nce7 6. Bb5+ Bd7 7. Bxd7+ Qxd7
8. c4 c5 9. O-O Nf5 10. Qc2 Be7 11. g3 Nd4 12. Nxd4 cxd4 13. Kg2 Nh6 14. Nd2
O-O 15. Nf3 Qg4 16. Bxh6 gxh6 17. Rad1 f6 18. Rxd4 Qg7 19. e6 f5 20. Kh1 Qg4
21. Rxg4+ fxg4 22. Ng1 Rad8 23. Qe2 h5 24. f3 Rf6 25. fxg4 Rh6 26. gxh5 Kg7 27.
Qe5+ Bf6 28. Qc7+ Be7 29. Qxe7+ Kg8 30. Qxd8+ Kg7 31. Rf8 1-0

[Event "Tournoi Skype 029B"]
[Site "Skype"]
[Date "????.??.??"]
[Round "2.38"]
[White "Vasquez Donaire, Ivis Godofredo"]
[Black "Conde, Carmen"]
[Result "0-1"]
[WhiteElo "1000"]
[BlackElo "1188"]
[PlyCount "62"]

1. e4 e5 2. Nf3 Nc6 3. Bc4 Nf6 4. d3 h6 5. O-O Bc5 6. c3 O-O 7. Bb3 d5 8. Nbd2
dxe4 9. dxe4 Be6 10. Bc2 a6 11. h3 Nh5 12. b4 Ba7 13. a4 Nf4 14. b5 Ne7 15. Nb3
Qc8 16. Nxe5 Nxg2 17. Ng4 Nh4 18. Nxh6+ gxh6 19. Bxh6 Rd8 20. Qh5 Neg6 21. e5
Bxh3 22. Bxg6 Nxg6 23. Rfe1 Bg4 24. Qg5 Qe6 25. Na5 Rab8 26. Nxb7 Rxb7 27.
Qxd8+ Kh7 28. Qa8 Bf3 29. Bf4 Qg4+ 30. Bg3 Qxg3+ 31. Kf1 Qg2# 0-1

[Event "Tournoi Skype 029B"]
[Site "Skype"]
[Date "????.??.??"]
[Round "2.39"]
[White "Franco, Yolima"]
[Black "Montilla Bejarano, Carmen"]
[Result "1-0"]
[WhiteElo "1517"]
[BlackElo "1087"]
[PlyCount "87"]

1. d4 Nf6 2. c4 e6 3. Nc3 c6 4. Nf3 d6 5. e4 d5 6. e5 Ne4 7. Nxe4 dxe4 8. Ng5
Bb4+ 9. Bd2 Bxd2+ 10. Qxd2 e3 11. Qxe3 Qa5+ 12. Qc3 Qxc3+ 13. bxc3 O-O 14. Bd3
g6 15. O-O Nd7 16. Rfe1 c5 17. Re4 h6 18. Nf3 b6 19. Rh4 Kg7 20. Re1 Bb7 21.
Re3 b5 22. Nd2 Rh8 23. Rg3 Rag8 24. Ne4 bxc4 25. Bxc4 Kf8 26. Nd6 g5 27. Rh5
Bc6 28. f4 gxf4 29. Rxg8+ Kxg8 30. Rh4 f3 31. Rf4 Rh7 32. Bd3 Rg7 33. Ne8 Rxg2+
34. Kf1 Rxh2 35. Rg4+ Kf8 36. Nd6 f2 37. Rf4 Bg2+ 38. Kxf2 Be4+ 39. Ke3 Bxd3
40. Rxf7+ Kg8 41. Kxd3 Rh3+ 42. Kc4 Nf8 43. Rxa7 h5 44. Nf7 1-0

[Event "Tournoi Skype 029B"]
[Site "Skype"]
[Date "????.??.??"]
[Round "2.40"]
[White "Diaz Yara, Jose Mauricio"]
[Black "Martinez Perez, Carlos"]
[Result "1-0"]
[WhiteElo "1000"]
[BlackElo "1404"]
[PlyCount "35"]

1. e4 e5 2. d4 exd4 3. c3 dxc3 4. Bc4 Nf6 5. Qf3 d6 6. Nxc3 c6 7. Nge2 Be7 8.
Qg3 g6 9. O-O Nxe4 10. Nxe4 d5 11. Bb3 dxe4 12. Qe5 Rg8 13. Bg5 Nd7 14. Qxe4
Nf6 15. Bxf6 Bf5 16. Qe3 Kf8 17. Rad1 Qd7 18. Rxd7 1-0

[Event "Tournoi Skype 029B"]
[Site "Skype"]
[Date "????.??.??"]
[Round "2.41"]
[White "Jones, Malcolm"]
[Black "Quiel, Aristoteles"]
[Result "0-1"]
[WhiteElo "1315"]
[BlackElo "1066"]
[PlyCount "106"]

1. e4 e5 2. Nf3 Nc6 3. Bc4 Bc5 4. c3 a6 5. a4 Nf6 6. b4 Ba7 7. d3 d6 8. Qb3 O-O
9. Ng5 Qe7 10. h4 h6 11. a5 hxg5 12. hxg5 Be6 13. g6 Bxc4 14. Qxc4 Qe6 15.
gxf7+ Qxf7 16. Qxf7+ Rxf7 17. Be3 Bxe3 18. fxe3 Ng4 19. Nd2 Nxe3 20. Rc1 Nxg2+
21. Ke2 Raf8 22. Rcf1 Rxf1 23. Nxf1 g5 24. Rg1 Nf4+ 25. Kd2 Nh3 26. Rh1 g4 27.
Ng3 Rf2+ 28. Ne2 Nf4 29. Re1 g3 30. Ke3 Rxe2+ 31. Rxe2 Nxe2 32. Kxe2 g2 33. Kf2
Ne7 34. Kxg2 Ng6 35. Kf3 Nf4 36. d4 c6 37. d5 cxd5 38. exd5 Nxd5 39. Ke2 Nxc3+
40. Kd3 Nb5 41. Ke4 Kf7 42. Kd5 Ke7 43. Ke4 Ke6 44. Ke3 Kf5 45. Kf3 d5 46. Ke3
d4+ 47. Kd3 Kf4 48. Ke2 e4 49. Kf2 e3+ 50. Ke2 Nc3+ 51. Ke1 e2 52. b5 axb5 53.
a6 bxa6 0-1

[Event "Tournoi Skype 029B"]
[Site "Skype"]
[Date "????.??.??"]
[Round "2.42"]
[White "Graham, Neil"]
[Black "De Nobrega, George"]
[Result "1-0"]
[WhiteElo "1000"]
[BlackElo "1205"]
[PlyCount "65"]

1. d4 Nf6 2. c4 d5 3. cxd5 Nxd5 4. e4 Nf6 5. Nc3 e6 6. Bg5 Be7 7. Nf3 a6 8. Qc2
Nc6 9. Rd1 h6 10. Bf4 Nb4 11. Qb3 O-O 12. a3 Nc6 13. Be2 Nh5 14. Be3 Na5 15.
Qc2 Nc4 16. Bxc4 Bd7 17. e5 g6 18. Bxh6 Re8 19. d5 Bf8 20. dxe6 Re7 21. exf7+
Kh7 22. Bg5 Qc8 23. Bxe7 Bxe7 24. O-O Be6 25. Bxe6 Qxe6 26. Ne4 Qf5 27. Neg5+
Kh6 28. Qxf5 gxf5 29. h4 Kg6 30. Rd7 Bf8 31. Rfd1 Ng7 32. Rd8 Ra7 33. Rxf8 1-0

[Event "Tournoi Skype 029B"]
[Site "Skype"]
[Date "????.??.??"]
[Round "2.44"]
[White "Ruiz Gomez, Luz Alba"]
[Black "Ramirez, Luis Antonio"]
[Result "1/2-1/2"]
[WhiteElo "1190"]
[BlackElo "1017"]
[PlyCount "144"]

1. d4 d5 2. Bf4 e6 3. e3 Bd6 4. Bg3 Nf6 5. Nd2 O-O 6. Ngf3 Nbd7 7. Bd3 g6 8. c3
Re8 9. O-O h5 10. e4 dxe4 11. Bxe4 Nxe4 12. Nxe4 Bxg3 13. hxg3 Nf6 14. Nfd2 e5
15. Qf3 Nh7 16. dxe5 Bg4 17. Qf4 Re6 18. Nf3 Qe7 19. Nh2 Bf5 20. g4 Bxe4 21.
Qxe4 Rxe5 22. Qxb7 Rd8 23. Nf3 Re2 24. Rae1 Rxe1 25. Rxe1 Qf8 26. g5 Qd6 27.
Qb5 c6 28. Qe2 Rf8 29. Rd1 Qc7 30. Qe3 f6 31. Qe6+ Qf7 32. Qxc6 fxg5 33. Rd7
Qf6 34. Qd5+ Kh8 35. c4 g4 36. Qd6 Qxd6 37. Rxd6 gxf3 38. g3 Rg8 39. c5 g5 40.
c6 h4 41. Kh2 hxg3+ 42. fxg3 f2 43. Rd1 Rf8 44. Kg2 g4 45. c7 Ng5 46. Rc1 f1=Q+
47. Rxf1 Nf3 48. Rc1 Rc8 49. b4 a6 50. a4 Nd4 51. Rd1 Ne6 52. Rc1 Nxc7 53. b5
axb5 54. axb5 Rb8 55. Rc5 Nxb5 56. Kf2 Nd4 57. Rg5 Rf8+ 58. Ke3 Nf5+ 59. Ke4
Nxg3+ 60. Kd5 Rf5+ 61. Rxf5 Nxf5 62. Ke4 Nh6 63. Kf4 Kg7 64. Kg3 Kg6 65. Kf4
Kh5 66. Kg3 Nf5+ 67. Kf4 g3 68. Kf3 Kh4 69. Kg2 Kg4 70. Kg1 Kf3 71. Kf1 g2+ 72.
Kg1 Kg3 1/2-1/2

[Event "Tournoi Skype 029B"]
[Site "Skype"]
[Date "????.??.??"]
[Round "2.45"]
[White "Linares Vernet, Ana"]
[Black "Herrera, Oscar"]
[Result "1/2-1/2"]
[WhiteElo "1171"]
[BlackElo "1000"]
[PlyCount "80"]

1. d4 d5 2. Bf4 e6 3. Nf3 Nc6 4. e3 Bd6 5. Bd3 Bxf4 6. exf4 Nf6 7. c3 O-O 8.
Ne5 Bd7 9. Nd2 a6 10. Ndf3 h6 11. Qd2 Ne4 12. Qc2 f5 13. Nxc6 Bxc6 14. Ne5 Be8
15. f3 Nd6 16. g3 g6 17. O-O-O Nb5 18. Qg2 Qe7 19. Rdf1 Kh7 20. h4 Rg8 21. g4
h5 22. g5 c6 23. Qf2 a5 24. Bxb5 cxb5 25. Re1 Rc8 26. Kb1 b4 27. Re3 bxc3 28.
Rxc3 Rxc3 29. bxc3 b5 30. Rc1 b4 31. cxb4 Qxb4+ 32. Qb2 Qxb2+ 33. Kxb2 Bb5 34.
Rc7+ Rg7 35. Rc5 Rb7 36. Ka1 a4 37. Rc3 Be2 38. a3 Bd1 39. Rc1 Bb3 40. Rc3 Bd1
1/2-1/2

[Event "Tournoi Skype 029B"]
[Site "Skype"]
[Date "????.??.??"]
[Round "2.46"]
[White "Rosenkoetter, David"]
[Black "Molina Porfirio, Renatta"]
[Result "1-0"]
[WhiteElo "1165"]
[BlackElo "1000"]
[PlyCount "57"]

1. e4 e5 2. Nf3 Bc5 3. Nxe5 Nf6 4. d4 d6 5. dxc5 Nc6 6. Nxc6 bxc6 7. Bg5 Bg4 8.
Be2 Qd7 9. Bxf6 h5 10. Bc3 Rg8 11. Nd2 Qe6 12. f3 Bxf3 13. Bxf3 d5 14. O-O Rh8
15. Re1 Rh6 16. exd5 Qe7 17. Rxe7+ Kxe7 18. dxc6 Rd8 19. Qe2+ Kf8 20. Re1 Re6
21. Qf2 Rxe1+ 22. Qxe1 Re8 23. Bxg7+ Kxg7 24. Qxe8 h4 25. Bd5 Kg6 26. Qxf7+ Kh6
27. Nf3 h3 28. Qf6+ Kh7 29. Ng5# 1-0

[Event "Tournoi Skype 029B"]
[Site "Skype"]
[Date "????.??.??"]
[Round "2.47"]
[White "Hernandez, Enrique"]
[Black "Lima Santana, Claudia"]
[Result "0-1"]
[WhiteElo "1128"]
[BlackElo "1000"]
[PlyCount "54"]

1. d4 g6 2. g3 Bg7 3. Bg2 d6 4. Nf3 c6 5. c3 Nf6 6. O-O Nbd7 7. Bg5 O-O 8. Qd2
Qb6 9. Bh6 Re8 10. Bxg7 Kxg7 11. b3 e5 12. d5 cxd5 13. Nh4 d4 14. cxd4 exd4 15.
Qg5 Re5 16. Qf4 Qc5 17. Nd2 Rb8 18. Rac1 Qa3 19. Ne4 Nxe4 20. Bxe4 Nf6 21. Qxe5
dxe5 22. f4 Nxe4 23. fxe5 Qxa2 24. Rc7 Nd2 25. Rcxf7+ Kh6 26. R1f6 Qa1+ 27. Kf2
Qf1# 0-1

[Event "Tournoi Skype 029B"]
[Site "Skype"]
[Date "????.??.??"]
[Round "2.48"]
[White "Cengiz, Ali Ekber"]
[Black "Achicanoy, Yolanda"]
[Result "1-0"]
[WhiteElo "1299"]
[BlackElo "1000"]
[PlyCount "65"]

1. e4 e5 2. Nf3 Nc6 3. Bc4 Bc5 4. c3 Nf6 5. d3 d6 6. h3 h6 7. Qb3 O-O 8. O-O
Na5 9. Qc2 a6 10. b4 Bb6 11. bxa5 Bc5 12. d4 Ba7 13. Ba3 Ne8 14. dxe5 Bd7 15.
exd6 cxd6 16. Nbd2 Bc6 17. e5 Bb8 18. Ne4 Qd7 19. Rad1 Qf5 20. Bd3 Bc7 21. Nxd6
Qh5 22. Bh7+ Kh8 23. Ne4 f5 24. Bxf8 Kxh7 25. Ng3 Qf7 26. Nxf5 Qxf8 27. Ne7+
Kh8 28. Ng6+ Kg8 29. Nxf8 Kxf8 30. e6 Bxa5 31. Qg6 Nd6 32. Rxd6 Bc7 33. Qf7#
1-0

[Event "Tournoi Skype 029B"]
[Site "Skype"]
[Date "????.??.??"]
[Round "2.49"]
[White "Le Bouill, Pierre"]
[Black "Barajas, Nestor"]
[Result "1-0"]
[WhiteElo "1252"]
[BlackElo "1000"]
[PlyCount "65"]

1. Nf3 d5 2. b3 Nf6 3. g3 Nc6 4. Bb2 e6 5. Bg2 Bd6 6. d3 e5 7. e3 O-O 8. O-O
Bf5 9. Qe1 e4 10. dxe4 Bxe4 11. Nbd2 Bxf3 12. Nxf3 Re8 13. Qd1 Ne4 14. Qxd5 Nf6
15. Qd1 Ng4 16. Re1 Be5 17. Nd4 Nxd4 18. exd4 Bd6 19. Qxg4 c6 20. d5 f6 21.
dxc6 bxc6 22. Bxc6 Rc8 23. Bxe8 Rxc2 24. Qd1 Rxb2 25. Ba4 Kf8 26. Re8+ Qxe8 27.
Bxe8 Kxe8 28. Qxd6 Rc2 29. Re1+ Kf7 30. Qe6+ Kg6 31. Qe4+ f5 32. Qxc2 h5 33. h4
1-0

[Event "Tournoi Skype 029B"]
[Site "Skype"]
[Date "????.??.??"]
[Round "2.50"]
[White "Adamson, Chris"]
[Black "Dos Reis Cabrera, Jose Manuel"]
[Result "1/2-1/2"]
[WhiteElo "1000"]
[BlackElo "1202"]
[PlyCount "55"]

1. b3 d6 2. Bb2 e5 3. d4 Nd7 4. Nf3 Be7 5. dxe5 dxe5 6. Nxe5 Ngf6 7. e3 O-O 8.
Bc4 Nxe5 9. Qxd8 Rxd8 10. Bxe5 c6 11. Nc3 Bf5 12. Bc7 Rd7 13. Bf4 Bxc2 14. Rc1
Bf5 15. O-O Rad8 16. Rfe1 Bb4 17. e4 Bxc3 18. Rxc3 Nxe4 19. Rce3 Kf8 20. f3 Nc5
21. Re5 Nd3 22. Bxd3 Bxd3 23. Bg5 f6 24. Bxf6 gxf6 25. Re6 Kf7 26. Kf2 Bf5 27.
R6e3 Rd2+ 28. R1e2 1/2-1/2

[Event "Tournoi Skype 029B"]
[Site "Skype"]
[Date "????.??.??"]
[Round "2.51"]
[White "Milanese, Serge"]
[Black "Bayao, Danilo"]
[Result "1/2-1/2"]
[WhiteElo "1202"]
[BlackElo "1000"]
[PlyCount "66"]

1. d4 Nf6 2. Bf4 e6 3. e3 b6 4. Nf3 Ba6 5. Bxa6 Nxa6 6. c3 g6 7. Nbd2 Bg7 8. h4
h6 9. Ne5 Nd5 10. Ndf3 Nxf4 11. exf4 O-O 12. Nc4 Re8 13. Qc2 h5 14. g3 c5 15.
Rd1 Qc7 16. O-O d6 17. d5 b5 18. Ne3 b4 19. c4 Rab8 20. g4 hxg4 21. Nxg4 Qb7
22. b3 Nc7 23. h5 gxh5 24. Ng5 hxg4 25. Qh7+ Kf8 26. Qh5 Re7 27. Qxg4 exd5 28.
Rfe1 Rbe8 29. Nh7+ Kg8 30. Nf6+ Kf8 31. Nxe8 Rxe1+ 32. Rxe1 Nxe8 33. Qf3 Nf6
1/2-1/2

[Event "Tournoi Skype 029B"]
[Site "Skype"]
[Date "????.??.??"]
[Round "2.52"]
[White "Balci Gungor, Ayca"]
[Black "Chavez Cruz, Isidro"]
[Result "0-1"]
[WhiteElo "1000"]
[BlackElo "1190"]
[PlyCount "48"]

1. e4 c5 2. Bc4 e6 3. d3 Be7 4. Nf3 Nc6 5. O-O Qc7 6. Nbd2 Nf6 7. Ng5 h6 8.
Ngf3 Bd6 9. e5 Nxe5 10. Ne4 Nxe4 11. dxe4 Nxc4 12. Qe2 Ne5 13. Be3 Ng4 14. h3
Nxe3 15. Qxe3 O-O 16. Rad1 Bf4 17. Qb3 b6 18. Rd3 Bb7 19. Qc4 Rad8 20. Rfd1 d5
21. exd5 Bxd5 22. Qa4 c4 23. Rc3 Bxf3 24. Rxc4 Rxd1# 0-1

[Event "Tournoi Skype 029B"]
[Site "Skype"]
[Date "????.??.??"]
[Round "2.53"]
[White "De Fazio, Monica"]
[Black "Bellati, Fabio"]
[Result "0-1"]
[WhiteElo "1176"]
[BlackElo "1000"]
[PlyCount "36"]

1. e4 e5 2. Nf3 Nc6 3. Bb5 Bc5 4. O-O Nf6 5. c3 Nxe4 6. d4 d6 7. dxc5 O-O 8.
cxd6 Nxd6 9. Bxc6 bxc6 10. Nxe5 Bb7 11. Be3 Ne4 12. Qa4 Qd5 13. Nc4 c5 14. Rd1
Nd2 15. f3 Nxf3+ 16. gxf3 Qxf3 17. Qc2 Be4 18. Qf2 Qh1# 0-1

[Event "Tournoi Skype 029B"]
[Site "Skype"]
[Date "????.??.??"]
[Round "2.55"]
[White "Becker Schllosser, Josiane Cristina"]
[Black "Busto, Ricardo"]
[Result "1-0"]
[WhiteElo "1000"]
[BlackElo "1152"]
[PlyCount "39"]

1. e4 c5 2. Nf3 d6 3. d3 Nf6 4. Bf4 e5 5. Bg3 a6 6. c4 Nc6 7. Be2 Be7 8. Nc3
Qa5 9. Qd2 O-O 10. Bd1 Nd4 11. O-O Nxf3+ 12. Bxf3 Be6 13. Bd1 b5 14. Bc2 Nh5
15. Qe3 Nf6 16. Qg5 Nd5 17. Qh5 Nxc3 18. d4 Nxe4 19. f3 Nxg3 20. Qxh7# 1-0

[Event "Tournoi Skype 029B"]
[Site "Skype"]
[Date "????.??.??"]
[Round "2.57"]
[White "Conde, Abigail"]
[Black "Cassano, Mariangela"]
[Result "1-0"]
[WhiteElo "1112"]
[BlackElo "1000"]
[PlyCount "37"]

1. d4 c5 2. d5 d6 3. c4 e5 4. dxe6 fxe6 5. Nf3 g6 6. e4 d5 7. e5 Nd7 8. cxd5
exd5 9. Qxd5 Ne7 10. Qe4 Bg7 11. Bc4 b5 12. Be6 Nb6 13. Ng5 Rb8 14. Be3 Nc6 15.
Bf7+ Kf8 16. Bxc5+ Ne7 17. Qf3 Qc7 18. Bxg6+ Kg8 19. Qf7# 1-0

[Event "Tournoi Skype 029B"]
[Site "Skype"]
[Date "????.??.??"]
[Round "2.58"]
[White "Reese, Evan"]
[Black "Cifuentes, Jorge Mario"]
[Result "1-0"]
[WhiteElo "1102"]
[BlackElo "1000"]
[PlyCount "53"]

1. e4 e5 2. g3 Nf6 3. Bg2 d6 4. Ne2 Nc6 5. Nbc3 Be6 6. O-O h5 7. d3 Ng4 8. Qd2
Be7 9. Nd1 h4 10. h3 Bg5 11. Qxg5 Ne7 12. hxg4 h3 13. Bxh3 Rxh3 14. Qxg7 Qd7
15. Bh6 O-O-O 16. f3 d5 17. Kg2 Rg8 18. Kxh3 Rxg7 19. Bxg7 Qe8 20. Ne3 f6 21.
Bxf6 Qh5+ 22. Kg2 Qg6 23. Bxe7 d4 24. Nf5 c5 25. Bxc5 b6 26. Ne7+ Kd7 27. Nxg6
1-0